| 000 | 00709nam a2200217Ia 4500 | ||
|---|---|---|---|
| 999 |
_c44121 _d44121 |
||
| 003 | GCL | ||
| 005 | 20240530104020.0 | ||
| 008 | 140319s9999 xx 000 0 ara d | ||
| 040 |
_aGCL / _cGCL |
||
| 082 | 0 | 4 |
_a507.2 _bهـ ع |
| 100 | 1 | _aهوجبن ، لانسلوت | |
| 245 | 1 | 2 |
_aالعلم للمواطن / _cلانسلوت هوجبن ؛ ترجمة عطية عبدالسلام عاشور ، سيد رمضان هداره |
| 260 | _bدار الفكر العربى | ||
| 300 | _a260 ص | ||
| 490 |
_a100 قصة _v0 |
||
| 650 | 0 | 4 | _aالطب |
| 650 | 0 | 4 | _aالعلوم |
| 650 | 0 | 4 | _aالعلوم التطبيقية |
| 700 | 1 |
_aعطية عبدالسلام عاشور _eمترجم |
|
| 942 |
_2ddc _cBK |
||